[Event "Aurora Fall op"]
[Site "Aurora CAN"]
[Date "2017.10.15"]
[Round "4.1"]
[White "Noritsyn, Nikolay"]
[Black "Hua, Eugene"]
[Result "1/2-1/2"]
[WhiteElo "2487"]
[BlackElo "2220"]
[PlyCount "109"]
[EventDate "2017.10.14"]
[EventType "swiss"]
[EventRounds "5"]
[EventCountry "CAN"]
[Source "Chess Mix"]
[SourceDate "2017.10.20"]

1. e4 c5 2. Nf3 e6 3. c3 Nf6 4. d3 Nc6 5. Be2 c4 6. O-O cxd3 7. Qxd3 d5 8. exd5
exd5 9. Bg5 Be7 10. Rd1 Be6 11. Nbd2 O-O 12. Nf1 Qb6 13. Qb5 Qxb5 14. Bxb5 Rfd8
15. Ne3 h6 16. Bh4 g5 17. Bg3 Ne4 18. Ba4 Bc5 19. Nd4 Nxd4 20. cxd4 Bb6 21. Bc2
Nxg3 22. hxg3 Kg7 23. Kf1 Rf8 24. g4 Rh8 25. a4 h5 26. a5 Bc7 27. Bf5 Bf4 28.
Bxe6 fxe6 29. gxh5 Bxe3 30. fxe3 Rxh5 31. Rac1 Rf8+ 32. Ke2 Rf7 33. Rf1 Rxf1
34. Rxf1 Rh7 35. Rc1 Kf6 36. Kf3 e5 37. b4 exd4 38. exd4 a6 39. Rc5 Ke6 40. b5
Kd6 41. b6 Rh4 42. Ke3 Re4+ 43. Kd3 Rg4 44. Rc7 Rxg2 45. Kc3 Ra2 46. Kb4 g4 47.
Rxb7 g3 48. Rg7 g2 49. b7 Rb2+ 50. Ka4 Rxb7 51. Rg6+ Kc7 52. Rxg2 Rb5 53. Rg7+
Kb8 54. Rd7 Ka8 55. Rd8+ 1/2-1/2

[Event "Aurora Fall op"]
[Site "Aurora CAN"]
[Date "2017.10.15"]
[Round "5.1"]
[White "Marin, Sam"]
[Black "Noritsyn, Nikolay"]
[Result "1/2-1/2"]
[WhiteElo "1947"]
[BlackElo "2487"]
[PlyCount "83"]
[EventDate "2017.10.14"]
[EventType "swiss"]
[EventRounds "5"]
[EventCountry "CAN"]
[Source "Chess Mix"]
[SourceDate "2017.10.20"]

1. c4 e6 2. Nc3 f5 3. d4 Nf6 4. Nf3 Bb4 5. Qc2 O-O 6. Bg5 c5 7. a3 Qa5 8. Bxf6
Bxc3+ 9. Qxc3 Qxc3+ 10. bxc3 Rxf6 11. e3 b6 12. Nd2 Bb7 13. f3 Nc6 14. Nb3 d6
15. a4 Rff8 16. a5 e5 17. Bd3 g6 18. O-O Kf7 19. Rfb1 Ba6 20. Bf1 Rfb8 21. axb6
axb6 22. g3 Ke7 23. f4 e4 24. d5 Nd8 25. Nd2 Nf7 26. Rb2 Kd7 27. Rba2 Bb7 28.
Rxa8 Bxa8 29. Ra7+ Bb7 30. Nb1 Nh6 31. Be2 Kc8 32. Na3 Ra8 33. Rxa8+ Bxa8 34.
Nb5 Kd7 35. h3 Bb7 36. Kf2 Ba6 37. Na3 Ke7 38. g4 Ng8 39. g5 Bc8 40. Bd1 Bd7
41. h4 h5 42. Bb3 1/2-1/2

[Event "Toronto op"]
[Site "Toronto CAN"]
[Date "2017.09.03"]
[Round "3"]
[White "Talukdar, Rohan"]
[Black "Noritsyn, Nikolay"]
[Result "1-0"]
[WhiteElo "2260"]
[BlackElo "2630"]
[PlyCount "109"]
[EventDate "2017.09.02"]
[EventType "swiss"]
[EventRounds "6"]
[EventCountry "CAN"]

1. e4 c6 2. d4 d5 3. exd5 cxd5 4. Bd3 Nc6 5. c3 Qc7 6. h3 Nf6 7. Nf3 g6 8. Qc2
Bg7 9. O-O O-O 10. Bg5 h6 11. Bxf6 Bxf6 12. Nbd2 Bd7 13. Rfe1 Rac8 14. Rac1 Bg7
15. Nf1 Rfe8 16. Ne3 Qd6 17. Qb3 e6 18. Ng4 Red8 19. Qd1 Be8 20. Qd2 Qf8 21.
Nge5 Ne7 22. c4 dxc4 23. Bxc4 a6 24. Qf4 Kh7 25. h4 Nf5 26. g4 Nd6 27. Bb3 Rxc1
28. Rxc1 Qe7 29. h5 g5 30. Qe3 Kg8 31. Rc5 Nb5 32. d5 exd5 33. Rxd5 Rxd5 34.
Bxd5 Kf8 35. b3 b6 36. Kg2 Nc7 37. Bc6 Bxc6 38. Nxc6 Qxe3 39. fxe3 Ke8 40. Nfd4
Kd7 41. Kf3 a5 42. Ke4 Ne8 43. Ne5+ Ke7 44. Nf5+ Ke6 45. Nc4 Nf6+ 46. Kf3 Bf8
47. Nxb6 Nd7 48. Nxd7 Kxd7 49. Ke4 Ke6 50. Kd4 f6 51. e4 Kd7 52. Kd5 Kc7 53.
Ke6 Kc6 54. Kf7 Bc5 55. Nxh6 1-0

[Event "CAN-ch TB 1-2 place 15+10"]
[Site "Montreal CAN"]
[Date "2017.07.01"]
[Round "1"]
[White "Noritsyn, Nikolay"]
[Black "Sambuev, Bator"]
[Result "1-0"]
[WhiteElo "2473"]
[BlackElo "2539"]
[PlyCount "65"]
[EventDate "2017.07.01"]
[EventType "match (rapid)"]
[EventRounds "4"]
[EventCountry "CAN"]

1. e4 d6 2. d4 Nf6 3. Nc3 e5 4. Nge2 Nc6 5. d5 Ne7 6. h3 c6 7. g4 b5 8. g5 Nh5
9. dxc6 a6 10. a4 b4 11. Nd5 Nxc6 12. Be3 Rb8 13. c3 Be7 14. a5 O-O 15. Bb6 Qe8
16. Rg1 f5 17. Nxe7+ Nxe7 18. Qxd6 Bb7 19. Qxe5 fxe4 20. Bc5 Rf7 21. cxb4 Rd8
22. Rd1 Rxd1+ 23. Kxd1 e3 24. fxe3 Qa4+ 25. Kd2 Qd7+ 26. Nd4 Nc6 27. Qd6 Nxd4
28. exd4 Rf2+ 29. Ke1 Qxd6 30. Bxd6 Rc2 31. Kd1 Be4 32. Bxa6 Kf7 33. Re1 1-0

[Event "CAN-ch TB 1-2 place 15+10"]
[Site "Montreal CAN"]
[Date "2017.07.01"]
[Round "2"]
[White "Sambuev, Bator"]
[Black "Noritsyn, Nikolay"]
[Result "1-0"]
[WhiteElo "2539"]
[BlackElo "2473"]
[PlyCount "143"]
[EventDate "2017.07.01"]
[EventType "match (rapid)"]
[EventRounds "4"]
[EventCountry "CAN"]

1. Nf3 c5 2. c4 g6 3. e4 Bg7 4. d4 cxd4 5. Nxd4 Nc6 6. Be3 Nf6 7. Nc3 O-O 8.
Be2 d6 9. O-O Nxd4 10. Bxd4 Bd7 11. b4 Be6 12. f3 a5 13. a3 Rc8 14. Nd5 Bxd5
15. cxd5 Nd7 16. Bxg7 Kxg7 17. Qd4+ Kg8 18. Rfc1 axb4 19. axb4 Qb6 20. Qxb6
Nxb6 21. Rxc8 Rxc8 22. Ra7 Rc7 23. Bb5 Nc8 24. Ra8 Kg7 25. Kf2 f5 26. Ke3 Kf6
27. Kd4 f4 28. g3 g5 29. gxf4 gxf4 30. h4 Rc1 31. Rb8 Rc7 32. Kd3 Kg7 33. Bd7
Nb6 34. Bc6 bxc6 35. Rxb6 c5 36. b5 c4+ 37. Kc3 Rc5 38. Rb7 Kf6 39. h5 h6 40.
b6 Rb5 41. Kxc4 Rb1 42. Kd3 Rb4 43. Ke2 Rb2+ 44. Kf1 Rb4 45. Kg2 Rb3 46. Rb8
Kg5 47. Rf8 Rxb6 48. Rf5+ Kh4 49. Rxf4+ Kxh5 50. Rf7 Rb7 51. Rg7 Kh4 52. Rg4+
Kh5 53. Kg3 Rb8 54. Rg7 Re8 55. f4 e6 56. dxe6 Rxe6 57. Kf3 Re8 58. f5 d5 59.
exd5 Re5 60. d6 Rxf5+ 61. Ke4 Rf1 62. Rg3 Kh4 63. Rd3 Rf8 64. d7 Rd8 65. Kf5 h5
66. Rd4+ Kg3 67. Kg5 h4 68. Rd3+ Kf2 69. Kxh4 Ke2 70. Rd6 Kf3 71. Kg5 Ke4 72.
Kf6 1-0

[Event "CAN-ch TB 1-2 place 15+10"]
[Site "Montreal CAN"]
[Date "2017.07.01"]
[Round "3"]
[White "Noritsyn, Nikolay"]
[Black "Sambuev, Bator"]
[Result "1-0"]
[WhiteElo "2473"]
[BlackElo "2539"]
[PlyCount "71"]
[EventDate "2017.07.01"]
[EventType "match (rapid)"]
[EventRounds "4"]
[EventCountry "CAN"]

1. e4 e5 2. Nf3 d6 3. d4 Nf6 4. dxe5 Nxe4 5. Bc4 c6 6. O-O d5 7. Bb3 Be7 8. c4
dxc4 9. Qxd8+ Bxd8 10. Bxc4 Nc5 11. Be3 Be6 12. Nbd2 Be7 13. Nd4 Bxc4 14. Nxc4
g6 15. b4 Ne6 16. Nxe6 fxe6 17. Rfd1 Kf7 18. Nd6+ Bxd6 19. Rxd6 a5 20. b5 Rc8
21. Rb1 c5 22. a4 c4 23. Rc1 c3 24. f4 Ke7 25. Rd3 Nd7 26. Rdxc3 Rxc3 27. Rxc3
Kd8 28. Bf2 Rb8 29. Kf1 h6 30. Ke2 g5 31. Kf3 Ke7 32. Rc7 gxf4 33. Ba7 Rg8 34.
Rxb7 Rc8 35. b6 Kd8 36. Rxd7+ 1-0

[Event "CAN-ch TB 1-2 place 15+10"]
[Site "Montreal CAN"]
[Date "2017.07.01"]
[Round "4"]
[White "Sambuev, Bator"]
[Black "Noritsyn, Nikolay"]
[Result "1-0"]
[WhiteElo "2539"]
[BlackElo "2473"]
[PlyCount "123"]
[EventDate "2017.07.01"]
[EventType "match (rapid)"]
[EventRounds "4"]
[EventCountry "CAN"]

1. Nf3 e6 2. e4 d5 3. Nc3 Bb4 4. e5 b6 5. Ne2 Bf8 6. Nf4 Qd7 7. h4 c5 8. c3 Ne7
9. h5 h6 10. d3 a5 11. g3 Nbc6 12. Bg2 Bb7 13. O-O d4 14. c4 O-O-O 15. Re1 Rg8
16. a3 g5 17. hxg6 fxg6 18. Bd2 Nf5 19. g4 Ng7 20. Nxg6 Qf7 21. Nfh4 Ne7 22.
Nf4 h5 23. g5 Ngf5 24. Bxb7+ Kxb7 25. Qf3+ Ka7 26. Nfg2 Bh6 27. Nxf5 Nxf5 28.
gxh6 Rg4 29. Re4 Rdg8 30. Rxg4 Rxg4 31. Re1 Qg6 32. Re4 Nh4 33. Qxg4 hxg4 34.
Nxh4 Qh5 35. Ng2 Qh3 36. Ne1 g3 37. fxg3 Qxg3+ 38. Ng2 Qxd3 39. Rh4 Qh7 40. Kh2
b5 41. cxb5 a4 42. Ba5 d3 43. Bd2 Kb6 44. Rxa4 Qf5 45. Bc3 d2 46. Bxd2 Qxe5+
47. Kh1 Qxb2 48. Be3 Kxb5 49. Rh4 Qb1+ 50. Kh2 Qh7 51. a4+ Kc6 52. Rc4 e5 53.
Rxc5+ Kd6 54. Rc4 e4 55. Rc5 Qg6 56. a5 Kd7 57. Rd5+ Kc6 58. Re5 Kd6 59. Bf4
Kd7 60. a6 Qxa6 61. h7 Qf6 62. Rh5 1-0

[Event "CAN-ch TB 1-2 place 5+3"]
[Site "Montreal CAN"]
[Date "2017.07.01"]
[Round "2"]
[White "Sambuev, Bator"]
[Black "Noritsyn, Nikolay"]
[Result "1-0"]
[WhiteElo "2539"]
[BlackElo "2473"]
[PlyCount "127"]
[EventDate "2017.07.01"]
[EventType "match (blitz)"]
[EventRounds "2"]
[EventCountry "CAN"]

1. Nf3 d5 2. d4 c6 3. c4 e6 4. Nc3 Nf6 5. Bg5 Nbd7 6. cxd5 exd5 7. e3 Be7 8.
Bd3 O-O 9. O-O Re8 10. Qc2 a5 11. Ne5 Nf8 12. f4 N6d7 13. Bxe7 Qxe7 14. Rf3 f6
15. Nxd7 Bxd7 16. h3 g6 17. g4 Qd6 18. Qf2 Ne6 19. Kh1 c5 20. Rg1 cxd4 21. exd4
Nf8 22. h4 Re7 23. f5 g5 24. hxg5 fxg5 25. f6 Rf7 26. Qe3 Ne6 27. Qe5 Qxe5 28.
dxe5 Bc6 29. Kh2 Re8 30. Rf5 h6 31. Ne2 Nc5 32. Nd4 Bd7 33. Bb5 Bxb5 34. Nxb5
Nd3 35. Nd6 Rxe5 36. Nxf7 Kxf7 37. Rd1 Rxf5 38. gxf5 Nf4 39. Rc1 Kxf6 40. Rc7
d4 41. Rxb7 d3 42. Rd7 Kxf5 43. Kg3 Ke4 44. Kf2 h5 45. a4 h4 46. b4 axb4 47. a5
h3 48. a6 h2 49. Rh7 d2 50. a7 d1=R 51. a8=Q+ Nd5 52. Rxh2 Rd2+ 53. Kg3 Rd3+
54. Kg4 Kd4 55. Qa7+ Kc4 56. Qa6+ Kd4 57. Qa1+ Nc3 58. Rh8 Kc4 59. Qb2 Rd4+ 60.
Kxg5 Rd5+ 61. Kg6 Rd6+ 62. Kf7 Rd7+ 63. Ke6 Rc7 64. Rh4+ 1-0

[Event "CAN-ch"]
[Site "Montreal,CAN"]
[Date "2017.06.27"]
[Round "1.3"]
[White "Itkin, David"]
[Black "Noritsyn, Nikolay"]
[Result "0-1"]
[WhiteElo "2147"]
[BlackElo "2473"]
[PlyCount "82"]
[EventDate "2017.06.27"]
[EventType "swiss"]
[EventRounds "9"]
[EventCountry "CAN"]
[WhiteTeam "Kanada"]
[BlackTeam "Kanada"]
[WhiteTeamCountry "CAN"]
[BlackTeamCountry "CAN"]

1. e4 e5 2. Nf3 d6 3. Bc4 Nf6 4. Ng5 d5 5. exd5 h6 6. Nf3 e4 7. Nd4 a6 8. a4 c6
9. Nc3 Bb4 10. O-O O-O 11. Be2 cxd5 12. d3 Qc7 13. Bd2 Bd6 14. h3 Qe7 15. dxe4
dxe4 16. Be3 Rd8 17. Qd2 Bc7 18. Rad1 Nc6 19. Nxc6 bxc6 20. Qc1 Nd5 21. Nxd5
cxd5 22. Bf4 d4 23. Rfe1 Bb7 24. c3 Ba5 25. b4 Bb6 26. cxd4 Bxd4 27. Qc4 Qf6
28. Qc7 Bd5 29. Be3 Bc3 30. Bd2 e3 31. fxe3 Be5 32. Qc5 Rac8 33. Qa7 Bb8 34.
Qd4 Qd6 35. e4 Qh2+ 36. Kf1 Bb3 37. Qg1 Bxd1 38. Rxd1 Qxg1+ 39. Kxg1 Rc2 40.
Bxh6 Rxd1+ 41. Bxd1 Ra2 0-1

[Event "CAN-ch"]
[Site "Montreal,CAN"]
[Date "2017.06.27"]
[Round "2.3"]
[White "Noritsyn, Nikolay"]
[Black "Plotkin, Victor"]
[Result "1-0"]
[WhiteElo "2473"]
[BlackElo "2265"]
[PlyCount "57"]
[EventDate "2017.06.27"]
[EventType "swiss"]
[EventRounds "9"]
[EventCountry "CAN"]

1. d4 d5 2. c4 c6 3. Nf3 Nf6 4. Nc3 g6 5. Bf4 Bg7 6. e3 O-O 7. Rc1 Bf5 8. Be2
Nbd7 9. cxd5 cxd5 10. O-O Nb6 11. Nb5 Ne4 12. Qb3 Nd6 13. Nxd6 exd6 14. Qb4 Re8
15. Bxd6 a5 16. Qc5 Nc4 17. Bf4 Nxb2 18. Bc7 Qe7 19. Qxd5 Nd3 20. Bxd3 Bxd3 21.
Rfd1 Be4 22. Qb3 a4 23. Qb2 Bf8 24. d5 Qa3 25. Qd2 Bd6 26. Rc3 Qxc3 27. Qxc3
Rec8 28. Qf6 Bxc7 29. Ng5 1-0

[Event "CAN-ch"]
[Site "Montreal,CAN"]
[Date "2017.06.28"]
[Round "4.1"]
[White "Sambuev, Bator"]
[Black "Noritsyn, Nikolay"]
[Result "0-1"]
[WhiteElo "2539"]
[BlackElo "2473"]
[PlyCount "70"]
[EventDate "2017.06.27"]
[EventType "swiss"]
[EventRounds "9"]
[EventCountry "CAN"]

1. d4 e6 2. e4 d5 3. Nd2 c5 4. Ngf3 Nc6 5. exd5 exd5 6. Bb5 Qe7+ 7. Be2 Qc7 8.
O-O Nf6 9. c4 Be7 10. dxc5 O-O 11. a3 Rd8 12. b4 a5 13. Bb2 axb4 14. axb4 Rxa1
15. Qxa1 Nxb4 16. Nb3 Bg4 17. cxd5 Rxd5 18. Qa4 Qf4 19. Qa8+ Rd8 20. Qxb7 Qe4
21. Qxe4 Nxe4 22. Bd4 Be6 23. Rb1 Nc6 24. Bb5 Nxd4 25. Nbxd4 Nc3 26. Rc1 Nxb5
27. Nxb5 Bxc5 28. Ng5 Bc8 29. h4 Bf8 30. Nc3 h6 31. Nf3 Bb7 32. Rd1 Rc8 33. Nd5
Rc4 34. Kh2 Bd6+ 35. Kg1 Bxd5 0-1

[Event "CAN-ch"]
[Site "Montreal,CAN"]
[Date "2017.06.29"]
[Round "5.1"]
[White "Noritsyn, Nikolay"]
[Black "Hambleton, Aman"]
[Result "1-0"]
[WhiteElo "2473"]
[BlackElo "2471"]
[PlyCount "93"]
[EventDate "2017.06.27"]
[EventType "swiss"]
[EventRounds "9"]
[EventCountry "CAN"]

1. e4 c5 2. Nf3 e6 3. d4 cxd4 4. Nxd4 Nc6 5. g3 Qc7 6. Nb5 Qb8 7. Bf4 e5 8. Be3
Nf6 9. Bg2 d6 10. a4 Be7 11. N1c3 O-O 12. O-O Bg4 13. Qd2 a6 14. Na3 Qc7 15. h3
Bh5 16. b3 Rac8 17. Nc4 Nd4 18. Bxd4 exd4 19. Qxd4 d5 20. exd5 Bc5 21. Qh4 Bg6
22. Rac1 Rfd8 23. Rfd1 h6 24. a5 Ba3 25. Nxa3 Qxc3 26. Qa4 Rc5 27. Qd4 Qxd4 28.
Rxd4 Rxa5 29. Nc4 Rc5 30. d6 Rb5 31. f4 Bf5 32. g4 Be6 33. Rcd1 g6 34. Bf3 Kg7
35. R1d2 a5 36. Kg2 Nd7 37. Ne3 Rb6 38. f5 gxf5 39. gxf5 Bxb3 40. cxb3 Rxb3 41.
Rg4+ Kf8 42. Nc4 b6 43. Bc6 Nf6 44. Rgd4 h5 45. d7 Rc3 46. Ba4 Kg7 47. Ne5 1-0

[Event "CAN-ch"]
[Site "Montreal,CAN"]
[Date "2017.06.29"]
[Round "6.1"]
[White "Noritsyn, Nikolay"]
[Black "Thavandiran, Shiyam"]
[Result "1-0"]
[WhiteElo "2473"]
[BlackElo "2363"]
[PlyCount "99"]
[EventDate "2017.06.27"]
[EventType "swiss"]
[EventRounds "9"]
[EventCountry "CAN"]

1. e4 e6 2. d4 d5 3. Nc3 Nf6 4. Bg5 Bb4 5. e5 h6 6. Bc1 Ne4 7. Qg4 Kf8 8. Nge2
c5 9. a3 Ba5 10. dxc5 Nc6 11. b4 Nxc3 12. Nxc3 Nxe5 13. Qg3 Bc7 14. Nb5 Bb8 15.
Nd6 Bxd6 16. cxd6 f6 17. Bb2 Qxd6 18. f4 Nc6 19. Bd3 Nxb4 20. Bg6 Nc6 21. O-O
Qc7 22. Kh1 Ne7 23. Bh5 Bd7 24. Rae1 Qc6 25. a4 Be8 26. Be2 Bf7 27. c4 dxc4 28.
Rc1 Qxa4 29. Rxc4 Qd7 30. Rd1 Nd5 31. f5 Re8 32. Rc5 Rc8 33. fxe6 Qxe6 34. Bg4
f5 35. Bxg7+ Kg8 36. Rxc8+ Qxc8 37. Bxh8 Kxh8 38. Qe5+ Kg8 39. Bxf5 Qc3 40.
Qxc3 Nxc3 41. Rd7 b5 42. Rxa7 Bd5 43. Ra6 b4 44. Rxh6 b3 45. Rb6 Kf7 46. h4 Nd1
47. h5 Bxg2+ 48. Kg1 Ne3 49. Be6+ Kg7 50. Rxb3 1-0

[Event "CAN-ch"]
[Site "Montreal,CAN"]
[Date "2017.06.30"]
[Round "7.1"]
[White "Zhang, Yuanchen"]
[Black "Noritsyn, Nikolay"]
[Result "1/2-1/2"]
[WhiteElo "2268"]
[BlackElo "2473"]
[PlyCount "160"]
[EventDate "2017.06.27"]
[EventType "swiss"]
[EventRounds "9"]
[EventCountry "CAN"]

1. d4 f5 2. g3 Nf6 3. Bg2 e6 4. c4 d5 5. Nh3 Bd6 6. O-O O-O 7. Qc2 Nc6 8. Rd1
Nb4 9. Qb3 a5 10. c5 Be7 11. Nc3 b6 12. a3 Nc6 13. cxb6 cxb6 14. Nf4 Bd7 15. h4
Qc8 16. a4 Rb8 17. Nb5 Nb4 18. Bd2 Bxb5 19. axb5 Qd7 20. Bxb4 Bxb4 21. Qa4 Bd6
22. Nd3 f4 23. Ne5 Bxe5 24. dxe5 Ng4 25. e3 f3 26. Qxg4 fxg2 27. Kxg2 Rf5 28.
e4 Rxe5 29. Qf4 Qd6 30. Rac1 Rf8 31. Rc6 Rxf4 32. Rxd6 Rfxe4 33. Rxb6 Re2 34.
Ra6 Rxb2 35. Rxa5 Ree2 36. Rf1 Kf7 37. Ra7+ Kf6 38. Rb7 Rb3 39. Rc1 Rbb2 40.
Rf1 h5 41. b6 Rec2 42. Rb8 Rc6 43. b7 Rcb6 44. Rf8+ Ke7 45. Rg8 Kf7 46. Rh8 g6
47. Re1 Rxb7 48. Re3 Kg7 49. Re8 Rf7 50. Rf3 Rxf3 51. Kxf3 Kf7 52. Rd8 Rb4 53.
Ke3 Ra4 54. Kd3 Ra3+ 55. Ke2 Ra5 56. Ke3 e5 57. Rd6 Ra3+ 58. Ke2 d4 59. Rb6 Ke7
60. Rxg6 e4 61. Rb6 Ra2+ 62. Ke1 Ra1+ 63. Kd2 Ra2+ 64. Ke1 d3 65. Rb4 Re2+ 66.
Kf1 Ke6 67. Rd4 Ke5 68. Rd8 Ra2 69. Ke1 Ra1+ 70. Kd2 Ra2+ 71. Ke1 Rb2 72. Rd7
Kf5 73. Kf1 Kg4 74. Kg2 e3 75. Rf7 Rxf2+ 76. Rxf2 exf2 77. Kxf2 Kh3 78. Ke3
Kxg3 79. Kxd3 Kxh4 80. Ke2 Kg3 1/2-1/2

[Event "CAN-ch"]
[Site "Montreal,CAN"]
[Date "2017.06.30"]
[Round "8.1"]
[White "Noritsyn, Nikolay"]
[Black "Yu, Zong Yang"]
[Result "1/2-1/2"]
[WhiteElo "2473"]
[BlackElo "2393"]
[PlyCount "77"]
[EventDate "2017.06.27"]
[EventType "swiss"]
[EventRounds "9"]
[EventCountry "CAN"]

1. d4 Nf6 2. Nf3 e6 3. c4 b6 4. a3 Ba6 5. Qb3 Be7 6. Nc3 d5 7. cxd5 exd5 8. g3
O-O 9. Bg2 Bb7 10. O-O Na6 11. Rd1 c5 12. Bf4 Re8 13. Rac1 cxd4 14. Nxd4 Nc5
15. Qa2 Qd7 16. Ncb5 Nh5 17. b4 Nxf4 18. gxf4 a6 19. bxc5 bxc5 20. Nc3 cxd4 21.
Nxd5 Rac8 22. Rxc8 Qxc8 23. Nxe7+ Rxe7 24. Bxb7 Rxb7 25. Rxd4 h6 26. f3 Qc1+
27. Kg2 Rb2 28. Qc4 Qxc4 29. Rxc4 Rxe2+ 30. Kg3 g6 31. Rc6 Re6 32. Rxe6 fxe6
33. Kf2 Kf7 34. Ke3 Kf6 35. Ke4 a5 36. a4 g5 37. fxg5+ hxg5 38. h3 e5 39. Kd3
1/2-1/2

[Event "CAN-ch"]
[Site "Montreal,CAN"]
[Date "2017.07.01"]
[Round "9.2"]
[White "Talukdar, Rohan"]
[Black "Noritsyn, Nikolay"]
[Result "0-1"]
[WhiteElo "2119"]
[BlackElo "2473"]
[PlyCount "86"]
[EventDate "2017.06.27"]
[EventType "swiss"]
[EventRounds "9"]
[EventCountry "CAN"]

1. e4 c5 2. Nf3 e6 3. d4 cxd4 4. Nxd4 a6 5. Nc3 b5 6. Bd3 d6 7. O-O Nf6 8. a3
Bb7 9. Kh1 Nbd7 10. f4 Qc7 11. Qe2 g6 12. e5 dxe5 13. fxe5 Nd5 14. Nxd5 Bxd5
15. Bg5 Bg7 16. Bf6 Bxf6 17. exf6 Qe5 18. Qf2 Qg5 19. Rae1 Nc5 20. Re3 Rd8 21.
Rg3 Nxd3 22. cxd3 Qe5 23. Nc2 h5 24. h4 Rd7 25. Nb4 Bb7 26. Rg5 Qd4 27. Qg3 Qd6
28. Qxd6 Rxd6 29. Rc1 Kd7 30. Kg1 Rc8 31. Rd1 Rd4 32. g3 Rc7 33. Kf2 a5 34. Na2
Rc2+ 35. Ke3 Rd5 36. Rxd5+ Bxd5 37. Nc3 Rxb2 38. Kd4 Bf3 39. Rc1 Kd6 40. Ne4+
Bxe4 41. dxe4 e5+ 42. Kc3 Rg2 43. Rd1+ Ke6 0-1

[Event "Hart House Reading Week op"]
[Site "Toronto CAN"]
[Date "2017.02.18"]
[Round "2"]
[White "Noritsyn, Nikolay"]
[Black "Itkin, David"]
[Result "1-0"]
[WhiteElo "2594"]
[BlackElo "2292"]
[PlyCount "77"]
[EventDate "2017.02.18"]
[EventType "swiss"]
[EventRounds "6"]
[EventCountry "CAN"]

1. d4 Nf6 2. Nf3 g6 3. Bg5 Bg7 4. Nbd2 O-O 5. c3 d6 6. e4 h6 7. Bh4 c5 8. d5 e6
9. dxe6 Bxe6 10. Be2 Nc6 11. O-O Qe8 12. Re1 Rd8 13. Bf1 Ne5 14. Nxe5 dxe5 15.
Qc2 Qc6 16. Nc4 Qc7 17. Ne3 a6 18. a4 Rd7 19. a5 Rfd8 20. Bc4 Qc6 21. Bxf6 Bxf6
22. Bd5 Bxd5 23. Nxd5 Bg5 24. c4 Qe6 25. Ra3 Rd6 26. g3 R8d7 27. Kg2 Bd8 28. h3
f5 29. Qe2 fxe4 30. Qxe4 Rxd5 31. cxd5 Rxd5 32. Ree3 Bc7 33. Rad3 Rd4 34. Qxb7
Rxd3 35. Rxd3 Bxa5 36. Rd7 Qf6 37. Qa8+ Qf8 38. Qd5+ Kh8 39. Qxe5+ 1-0

[Event "PRO League Atlantic"]
[Site "chess.com INT"]
[Date "2017.01.11"]
[Round "1"]
[White "Lenderman, Alex"]
[Black "Noritsyn, Nikolay"]
[Result "1-0"]
[WhiteElo "2573"]
[BlackElo "2468"]
[PlyCount "51"]
[EventDate "2017.01.11"]
[EventType "team"]
[EventRounds "7"]
[EventCountry "USA"]
[Source "Mark Crowther"]
[SourceDate "2017.01.16"]
[WhiteTeam "Montclair Sopranos"]
[BlackTeam "Toronto Dragons"]

1. d4 e6 2. e4 d5 3. Nd2 h6 4. Ngf3 Nf6 5. Bd3 c5 6. c3 cxd4 7. cxd4 dxe4 8.
Nxe4 Bb4+ 9. Nc3 O-O 10. O-O b6 11. Re1 Ba6 12. Bc2 Nc6 13. a3 Bxc3 14. bxc3
Rc8 15. Bd2 Qc7 16. Qc1 Ne7 17. Bxh6 gxh6 18. Qxh6 Ng6 19. Ng5 Qf4 20. Bxg6
Qxf2+ 21. Kh1 fxg6 22. Nxe6 Rf7 23. Qxg6+ Kh8 24. Qxf7 Rg8 25. Ng5 Bd3 26. Re3
1-0

[Event "PRO League Atlantic"]
[Site "chess.com INT"]
[Date "2017.01.11"]
[Round "1"]
[White "Noritsyn, Nikolay"]
[Black "Arnold, Mar"]
[Result "1-0"]
[WhiteElo "2468"]
[BlackElo "2524"]
[PlyCount "99"]
[EventDate "2017.01.11"]
[EventType "team"]
[EventRounds "7"]
[EventCountry "USA"]
[Source "Mark Crowther"]
[SourceDate "2017.01.16"]
[WhiteTeam "Toronto Dragons"]
[BlackTeam "Montclair Sopranos"]

1. d4 Nf6 2. Nf3 e6 3. c4 d5 4. Nc3 dxc4 5. e3 c5 6. Bxc4 a6 7. O-O b5 8. Bb3
Bb7 9. Qe2 Nbd7 10. Rd1 Qc7 11. e4 cxd4 12. Nxd4 b4 13. Nd5 exd5 14. exd5+ Qe5
15. Qxe5+ Nxe5 16. Re1 Nfg4 17. Bf4 f6 18. h3 Bc5 19. Rad1 Nh6 20. Ne6 Bb6 21.
Nxg7+ Kf7 22. Bxh6 Kg6 23. Nf5 Rac8 24. Be3 Bxe3 25. Nxe3 Rhd8 26. f4 Nf7 27.
Bc2+ Kg7 28. Bf5 Rc7 29. Be6 Nd6 30. Rc1 Re7 31. Re2 Rde8 32. f5 h5 33. Rec2
Kh6 34. h4 Rg7 35. Rc7 Ree7 36. Rxe7 Rxe7 37. Nc4 Nxf5 38. Bxf5 Bxd5 39. Bd3
Rg7 40. Bf1 f5 41. Ne3 Be4 42. Rc5 Kg6 43. Be2 Rd7 44. Bf3 Bxf3 45. gxf3 Rd2
46. Rc6+ Kf7 47. Nxf5 a5 48. Ra6 Rxb2 49. Rxa5 Kf6 50. Ng3 1-0

[Event "PRO League Atlantic"]
[Site "chess.com INT"]
[Date "2017.01.11"]
[Round "1"]
[White "Noritsyn, Nikolay"]
[Black "Smith, Dan"]
[Result "1-0"]
[WhiteElo "2468"]
[BlackElo "2070"]
[PlyCount "67"]
[EventDate "2017.01.11"]
[EventType "team"]
[EventRounds "7"]
[EventCountry "USA"]
[Source "Mark Crowther"]
[SourceDate "2017.01.16"]
[WhiteTeam "Toronto Dragons"]
[BlackTeam "Montclair Sopranos"]

1. d4 d5 2. c4 c6 3. Nf3 Nf6 4. e3 a6 5. b3 Bg4 6. h3 Bxf3 7. Qxf3 e6 8. Bd3
Nbd7 9. O-O e5 10. cxd5 cxd5 11. e4 exd4 12. exd5 Bb4 13. a3 Ba5 14. b4 Bc7 15.
Re1+ Ne5 16. Bf4 Nfd7 17. Bxe5 Bxe5 18. Qf5 f6 19. f4 Qe7 20. fxe5 Nxe5 21. Nd2
g6 22. Qe4 O-O-O 23. Nc4 Rhe8 24. Qxd4 Qf7 25. Nxe5 fxe5 26. Rxe5 Qg7 27. Rae1
Kb8 28. Qf4 Qc7 29. Qe3 Rf8 30. Re7 Qd6 31. Qe5 Qxe5 32. R1xe5 Rf4 33. Be4 Rxe4
34. Rxe4 1-0

[Event "PRO League Atlantic"]
[Site "chess.com INT"]
[Date "2017.01.25"]
[Round "3"]
[White "Feng, Maggie"]
[Black "Noritsyn, Nikolay"]
[Result "0-1"]
[WhiteElo "2164"]
[BlackElo "2468"]
[PlyCount "144"]
[EventDate "2017.01.11"]
[EventType "team"]
[EventRounds "7"]
[EventCountry "USA"]
[Source "Mark Crowther"]
[SourceDate "2017.01.30"]
[WhiteTeam "Columbus Cardinals"]
[BlackTeam "Toronto Dragons"]

1. Nf3 d6 2. d4 g6 3. g3 Bg7 4. Bg2 Nf6 5. O-O O-O 6. a4 c6 7. a5 Qc7 8. Re1
Bg4 9. h3 Bxf3 10. Bxf3 Nbd7 11. a6 b5 12. Nd2 Rab8 13. c4 e5 14. cxb5 Rxb5 15.
Qc2 d5 16. dxe5 Nxe5 17. Bg2 Nfd7 18. f4 Rc5 19. Qb3 Nc4 20. Nxc4 Rxc4 21. Ra2
Nc5 22. Qd1 Re8 23. b3 Rc3 24. Bb2 Qb6 25. Kh2 Rxb3 26. Bxg7 Kxg7 27. Qd4+ Kg8
28. f5 Ne4 29. Qxb6 Rxb6 30. fxg6 hxg6 31. Rc1 Re6 32. g4 Kf8 33. Kg1 Ke7 34.
Kf1 Nd6 35. Bxd5 cxd5 36. Rc7+ Kf6 37. Rxa7 Nb5 38. Rb7 Rxa6 39. Rxa6 Rxa6 40.
Rxb5 Ke5 41. Kf2 Rf6+ 42. Ke3 Rf1 43. Rb8 d4+ 44. Kd3 Rd1+ 45. Kc2 Rh1 46. Rh8
g5 47. Kd3 Rd1+ 48. Kc2 Ra1 49. h4 Ra2+ 50. Kd3 Ra3+ 51. Kd2 f6 52. hxg5 fxg5
53. Rf8 Ke4 54. Rf5 Ra2+ 55. Kd1 Ke3 56. Rxg5 Rd2+ 57. Kc1 Rxe2 58. Re5+ Kd3
59. Ra5 Re1+ 60. Kb2 Rg1 61. g5 Kd2 62. Rf5 d3 63. Rf2+ Ke3 64. Rh2 d2 65. Rh3+
Ke4 66. Rh4+ Ke5 67. Rh2 d1=Q 68. Re2+ Qxe2+ 69. Kc3 Rc1+ 70. Kb4 Qc4+ 71. Ka5
Rb1 72. g6 Qa2# 0-1

[Event "PRO League Atlantic"]
[Site "chess.com INT"]
[Date "2017.01.25"]
[Round "3"]
[White "Noritsyn, Nikolay"]
[Black "Baker, Vincent"]
[Result "1-0"]
[WhiteElo "2468"]
[BlackElo "1960"]
[PlyCount "59"]
[EventDate "2017.01.11"]
[EventType "team"]
[EventRounds "7"]
[EventCountry "USA"]
[Source "Mark Crowther"]
[SourceDate "2017.01.30"]
[WhiteTeam "Toronto Dragons"]
[BlackTeam "Columbus Cardinals"]

1. e4 c5 2. Nf3 Nc6 3. Bb5 g6 4. O-O Bg7 5. c3 Nf6 6. Re1 d5 7. e5 Ng8 8. d4 c4
9. b3 cxb3 10. axb3 e6 11. h4 Nge7 12. h5 O-O 13. Na3 Bd7 14. Bd3 Qb6 15. Rb1
a5 16. Bd2 Rfc8 17. hxg6 hxg6 18. Nc2 Na7 19. c4 Qc7 20. Bg5 Nf5 21. Bxf5 exf5
22. Ne3 dxc4 23. bxc4 Nc6 24. Nd5 Qb8 25. Nf6+ Bxf6 26. Bxf6 Nb4 27. Qd2 Kh7
28. Qg5 Rh8 29. Qh4+ Kg8 30. Qxh8# 1-0